LDR 00640naa#a2200169#i#450# 001 EN\\bibl\126640 005 20260703221919.5 011 ## _a2587-6740 100 ## _a20260615b2026####ek#y0engy0150####ca 102 ## _aRU 200 1# _aMethodology for analyzing the financial stability of small agribusinesses using an indicative approach _eJournal article 210 1# _aMoscow _cElectronic science _d2026 215 ## _a3 с. 608 ## _aJournal article _2local 675 ## _aЭкономическая политика. Управление и планирование в экономике. 338.2 _z 700 #1 _aReshetnikova _gNatalia Vladimirovna 856 4# _aqje.su _u